000 00866nam a2200229Ia 4500
005 20241129111149.0
008 241129s9999||||xx |||||||||||||| ||und||
020 _a97-881-95597-36-9
037 _aTB
040 _aCRL
_bhin
_cCRL
041 _ahin
_2hin
084 _aO15,2D70,3:g 152R2
_qCRL
100 _aत्रिपाठी, मिथिला प्रसाद, ले.
_9722886
245 0 _aभवभूति का कवित्व
_cत्रिपाठी, मिथिला प्रसाद, ले.
260 _aमेरठ, भारत
_bराहुल पब्लिशिंग हाउस
_c2022
300 _a93पृ0
365 _aINR
_b250
546 _aTranslated from Sanskrit to Hindi
650 _aSanskrit LiteratureDrama
_9726239
942 _cTB
_hO15,2D70,3:g 152R2
999 _c1229213
_d1229213